00678nam a22002297a 450000500170000001000130001702000220003003500130005203700160006504000120008108200170009310000280011024500920013825000110023026000460024127000130028730000330030050000180033365000350035165000380038670000240042420170124110148.0 aA-290038 c00.00a0070497915 aA-290038 bCen Lib/Ret aDPLbEN a658.403bPHI aPhilippakis, Andreas S. aInformation systems through cobol /cby Andreas S. Philippakis [and] Leonard J. Kazmier a2nd ed aAucklandbMcGraw-Hill Internationalc1986 bAuckland axiii,606p. :c22cm(Hb)bill. aInclude index aManagement information systems aCOBOL (Computer program language) aKazmier, Leonard J.